MARC

LEADER 00000nam0a2200000 4500
001 324107
005 20231102003633.0
035 |a (RuTPU)RU\TPU\book\349696 
090 |a 324107 
100 |a 20161107d1941 km y0rusy50 ca 
101 0 |a rus 
102 |a RU 
105 |a a z 001zy 
200 1 |a Гидрогеология и инженерная геология  |e сборник статей  |f Всесоюзный научно-исследовательский институт гидрогеологии и инженерной геологии (ВСЕГИНГЕО) ; под ред. Г. В. Богомолова  |d Ground Water Hydrology and Engineering Geology 
210 |a Москва  |a Ленинград  |c Госгеолиздат  |d 1941 
215 |a 84 с.  |c ил. 
225 1 |a Сборник статей № 8 
320 |a Библиогр. в конце ст. 
510 1 |a Ground Water Hydrology and Engineering Geology  |z eng 
606 1 |a Гидрогеология  |2 stltpush  |3 (RuTPU)RU\TPU\subj\38647  |9 59032 
606 1 |a Инженерная геология  |2 stltpush  |3 (RuTPU)RU\TPU\subj\12572  |9 39335 
610 1 |a трещиноватые горные породы 
610 1 |a водопроводимость 
610 1 |a коэффициенты 
610 1 |a подземные воды 
610 1 |a движение 
610 1 |a гидродинамические сетки 
610 1 |a построение 
610 1 |a гидрогеологические наблюдения 
610 1 |a бурение 
610 1 |a формула Фосса-Манчини 
610 1 |a склоны 
610 1 |a деформация 
610 1 |a лессовые породы 
610 1 |a просадочность 
675 |a 556.3  |v 3 
675 |a 624.131.1  |v 3 
702 1 |a Богомолов  |b Г. В.  |4 340 
712 0 2 |a Всесоюзный научно-исследовательский институт гидрогеологии и инженерной геологии (ВСЕГИНГЕО)  |c (пос. Зеленый, Московская область)  |2 stltpush  |3 (RuTPU)RU\TPU\col\2061 
801 1 |a RU  |b 63413507  |c 20161107 
801 2 |a RU  |b 63413507  |c 20200214  |g RCR 
942 |c BK